[Event "Pontevedra op-B 6th"]
[Site "Pontevedra"]
[Date "2018.08.13"]
[Round "8"]
[White "Iglesias De Las Heras, Francisco"]
[Black "Conde Cid, Jose Luis"]
[Result "1/2-1/2"]
[WhiteElo "1266"]
[BlackElo "1134"]
[PlyCount "77"]
[EventDate "2018.08.08"]
[EventType "swiss"]
[EventRounds "9"]
[EventCountry "ESP"]
[SourceTitle "CBM 186 Extra"]
[Source "ChessBase"]
[SourceDate "2018.08.24"]
[SourceVersion "1"]
[SourceVersionDate "2018.08.24"]
[SourceQuality "1"]

1. e4 e5 2. Nf3 Nc6 3. Bb5 a6 4. Ba4 b5 5. Bb3 h6 6. 0-0 Nf6 7. d3 Bc5 8. Be3 Bxe3 9. fxe3 d6 10. h3 Qe7 11. d4 0-0 12. Nc3 Bb7 13. Nd5 Nxd5 14. exd5 Na5 15. dxe5 Nxb3 16. axb3 dxe5 17. e4 Rfd8 18. c4 c6 19. Qc2 cxd5 20. exd5 Rac8 21. Rae1 f6 22. Nd2 Bxd5 23. Ra1 bxc4 24. bxc4 Qb7 25. Rf2 Qb6 26. b3 a5 27. Qa2 Bc6 28. Qxa5 Qxa5 29. Rxa5 Ra8 30. Rxa8 Rxa8 31. b4 Ra4 32. b5 Bd7 33. Rf1 Rb4 34. Rb1 Rxb1+ 35. Nxb1 Kf8 36. Kf2 Ke7 37. Ke3 f5 38. Nc3 Kd6 39. Na4 1/2-1/2